The use of microteaching in teacher training : a study of the perception of lecturers and trainees in the Maktab Perguruan Bahasa, Kuala Lumpur /
Saved in:
| Main Author: | |
|---|---|
| Format: | Thesis Book |
| Language: | English |
| Published: |
1982
|
| Subjects: | |
| Tags: |
Add Tag
No Tags, Be the first to tag this record!
|
| LEADER | 01194cam a2200301 4500 | ||
|---|---|---|---|
| 001 | u31375 | ||
| 003 | SIRSI | ||
| 008 | 830901s1982 my t 00 1 eng m | ||
| 035 | |a AAD-3847 | ||
| 040 | |a UMM | ||
| 043 | |a a-my-wp | ||
| 090 | |a LB1731 |b Ngu | ||
| 091 | |a Microfiche 8592 | ||
| 100 | 1 | 0 | |a Ngui, Kuan Sang |
| 245 | 1 | 4 | |a The use of microteaching in teacher training : |b a study of the perception of lecturers and trainees in the Maktab Perguruan Bahasa, Kuala Lumpur / |c by Ngui Kuan Sang |
| 260 | |c 1982 | ||
| 300 | |a xv, 263 leaves : |b ill. ; |c 28cm | ||
| 502 | |a Thesis (Ph.D.) - Fakulti Pendidikan, Universiti Malaya, 1982 | ||
| 504 | |a Bibliography: leaves 162-174 | ||
| 610 | 2 | 0 | |a Maktab Perguruan Bahasa (Kuala Lumpur). |
| 650 | 0 | |a Microteaching | |
| 650 | 0 | |a Teachers |x Training of |z Malaysia. | |
| 710 | 2 | 0 | |a Universiti Malaya. |b Fakulti Pendidikan. |
| 948 | |a 16/03/1991 |b 29/07/2002 | ||
| 596 | |a 1 8 | ||
| 999 | |a LB1731 NGU |w LC |c 1 |i A002700992 |d 24/10/2015 |e 24/10/2015 |l STACKS |m P01UTAMA |n 3 |r Y |s Y |t TESIS |u 21/1/1992 | ||
| 999 | |a LB1731 NGU |w LC |c 1 |i A506702376 |l STACKS |m P08PENDIDI |r Y |s Y |t TESIS |u 12/2/1998 | ||
| 999 | |a LB1731 NGU |w LC |c 2 |i A506702447 |l STACKS |m P08PENDIDI |r Y |s Y |t TESIS |u 12/2/1998 | ||
